Instrumentos jurd̕ico-laborales de prevencin̤ y solucin̤ de la exclusin̤ social en el Estado social y democrt̀ico de Derecho Estudio comparado /

Bibliographic Details
Main Author: Quintanilla Navarro, Raquel Yolanda
Other Authors: Mateos y de Cabo, Oscar Ignacio
Format: eBook
Language:Spanish
Published: Madrid: Dykinson, 2019
Subjects:
Online Access:Acceso restringido

MARC

LEADER 00000nam a22000007a 4500
005 20200421172054.0
007 cr|||| ||||
008 200421s2019 es |||||s|||| 00||0 spa d
020 |a 978-84-1324-422-8 
035 |a 31404 
040 |a vLex 
090 |c 10319  |d 10319 
100 1 |a Quintanilla Navarro, Raquel Yolanda 
245 1 0 |a Instrumentos jurd̕ico-laborales de prevencin̤ y solucin̤ de la exclusin̤ social en el Estado social y democrt̀ico de Derecho  |h [Recurso electrn̤ico] :  |b Estudio comparado /  |c Raquel Yolanda Quintanilla Navarro, Oscar Ignacio Mateos y de Cabo 
256 |a Servicio en ln̕ea 
260 |a Madrid:  |b Dykinson,  |c 2019 
300 |a 1 recurso electrn̤ico 
506 1 |a Disponible solo en los productos indicados  |d vLex Global  |d vLex Global (Academic Edition, excluding Law Schools)  |d vLex Global (U.S. Academic Edition, Law Schools)  |d vLex Global (U.S. Academic Edition, excluding Law Schools)  |d vLex Global (Academic Edition, Law Schools) 
650 0 4 |a Derecho Laboral y Seguridad Social  |z Espaą 
700 1 |a Mateos y de Cabo, Oscar Ignacio 
740 0 |a vLex Libros (Servicio en ln̕ea) 
856 4 0 |u http://vlex.com/source/instrumentos-juridico-laborales-prevencion-solucion-exclusion-social-estado-social-democratico-derecho-estudio-comparado-31404  |z Acceso restringido 
942 |c BOOK 
999 0 |a Labor law and social security